000 00611nam a2200241 i 4500
001 C2-0227327
003 PPAK
005 20180728154806.0
008 000722s1994 enk |||| ||||| | eng d
020 _a0671018205
040 _aPPAK
_beng
_cPPAK
_erda
082 0 4 _a823
_223
090 0 0 _a823
_bMAC
_dG
100 1 _aMacDonald, Eileen,
_eauthor
245 1 4 _aThe sleeper
264 1 _aLondon :
_bPocket Books ,
_c1994
300 _a506 pages ;
_c18 cm
336 _2rdacontent
_atext
337 _2rdamedia
_aunmediated
338 _2rdacarrier
_avolume
650 1 0 _aEnglish fiction
942 _ddc
_cB
999 _c147438
_d147438